MDQL
is popping MORE tags! Check the
thread
!
Quizzes
Events
Quiz Creation
Community
Videos
Private Events
Remove Ads
Sign In
Join for FREE
Feedback
Dark Mode
Quiz Categories
Sports
Geography
Music
Movies
Television
Just For Fun
Miscellaneous
History
Literature
Language
Science
Gaming
Entertainment
Religion
Holiday
For Kids
Quiz Lab
Recent
Popular Today
Quiz Kudos Today
Editor Picks
Curator Picks
Quizzes by...
Day
Popularity
Type
Ratings
Length
Year
Community
Subscriptions
Recent Discussions
Orange Saloon
Badges
Playlists
Quests
Create
Leaderboards
Showdown
Live 5
Trivia Bingo
Activity
Puzzle Library
Sporcle Events
Private Events
Virtual Trivia
Globe League
Become a Host
Pub Owners
SporcleCon
Opinionation
Our Games
Videos
Blog
Mobile Apps
Partnerships
Remove Ads and Go Orange
Feedback
Holiday
Halloween
Christmas
Holiday Songs
April Fools'
Thanksgiving
Valentine's Day
Easter
St Patrick's Day
National Holiday
Religious Holiday
Holiday
Halloween
Christmas
Holiday Songs
April Fools'
Thanksgiving
Valentine's Day
Easter
St Patrick's Day
National Holiday
Religious Holiday
Random Quiz
Search Sporcle
×
Quiz Lab
Quiz Lab
Holiday
Mixed Word
Type in answers that appear in a list
Type in answers that appear in a list
Classic
Best Score? Go Orange.
Christmas Unscramble Stats
Can you name the Christmas Icons Unscramble?
By
frootloops
5m
22 Questions
492 Plays
492 Plays
492 Plays
Comments
Comments
Give Quiz Kudos
Give Quiz Kudos
-
- Ratings
hide this ad
Replay
Link that replays current quiz
Next Quiz
Link to next quiz in quiz playlist
You Got
0%
They Got
Avg Score
75%
Avg Friend Score
Upgrade to see
Score Distribution
Jump to the score distribution portion of the page
Score
0/22
Timer
05:00
0
Plays Today
Letters
Word
% Correct
atsna
Santa
99%
oyt
Toy
92.7%
lfe
Elf
92.5%
nosw
Snow
92.5%
oth colhcotae
Hot Chocolate
91.3%
neireder
Reindeer
90.9%
erte
Tree
87.2%
geg ogn
Egg Nog
86.8%
owamnsn
Snowman
85.2%
owns bloeg
Snow Globe
81.1%
egihls
Sleigh
80.9%
Letters
Word
% Correct
sjues
Jesus
76%
otysrf
Frosty
72.4%
srpenet
Present
67.7%
turcacenkr
Nutcracker
64.8%
rethaw
Wreath
61.8%
devnta
Advent
60.6%
ktscongi
Stocking
56.7%
vendta leandcar
Advent Calendar
56.1%
plhourd
Rudolph
53.5%
gitlsh
Lights
53.3%
marnonet
Ornament
51.2%
Quiz Playlist
Details
Report
Send in Message
Add To Playlist
Classic:
Type in answers that appear in a list
Last Updated: Feb 16, 2017
Quiz Scoreboard
CHALLENGE
Sign Up to Join the Scoreboard
Show All
Scores
Hide
Comments
May contain spoilers
Recently Published
5x2 Blitz: Bands
by SL_Kpop136
Music
30s
Colored Red Africa Blitz
by spor1
Geography
30s
Find the 'City' Movie
by crazypaving
Movies
60s
More to Explore
Quiz From the Vault
Featured Blog Post
14 Easter Pick-up Lines to Find Eggs With
hide this ad
You Might Also Like...
Tags
Christmas Quiz
Letter Quiz
Mixed Word Quiz
Religious Holiday Quiz
icon
Today's Top Quizzes in Holiday
Browse Holiday
hide this ad
Today's Top Quizzes in Mixed Word
Browse Mixed Word
Top Contributed Quizzes in Holiday
1
Holidays Spelling Bee
2
A Christmas Story Kids Picture Click
3
Federal Holiday Minefield (US)
4
Holiday Letter 'B' (Clickable)
5
5-to-1: Thanksgiving
6
5-to-1: Holiday Songs
7
Easter - Did You Know?
8
Pick the Easter Eggs hidden in the Garden
9
Purim Crossword
10
Initially Yours: Holiday
Explore More
Trending Topics
Crossword
Harry Potter
Marvel
Disney
NBA
Kpop
Anime
Song
Pokémon
NFL
Soccer
Country
WWE
The Office
Puzzle
hide this ad
More By:
frootloops
Quiz
Plays
Rating
Category
Featured
Created
NFL Team by City
710
2.50
Sports
Dec 8, 2010
Math Chain: Multiplication & Division
594
3.10
Just For Fun
Dec 2, 2010
Math Chain: Addition & Subtraction
584
3.25
Just For Fun
Dec 3, 2010
Christmas Unscramble
492
3.67
Holiday
Dec 2, 2010
Math Chain For Dummies
430
3.31
Just For Fun
Nov 30, 2010
Go to Creator's Profile
Score Distribution
Quiz Creator Spotlight
frootloops
Follow
Send a Message
Quizzes Created
-
Created Quiz Play Count
-
More By This Creator
Popular Quizzes Today
1
Find the 'City' Movie
2
5x2 Blitz: Bands
3
Colored Red Africa Blitz
4
Find the US States - No Outlines Minefield
5
The Countries of the World
6
Find the US States
7
9x9 Crossword: Cartoon Network
8
US States
More Holiday Quizzes
Only One Is Not...Labor Day
Published
Trending Quizzes
Colored Red Europe Blitz I
Colored Red Africa Blitz II
Colored Red Europe Blitz III
Colored Red Europe Blitz II
Colored Red Africa Blitz III
Recently Updated
Champions League XIs: Real Madrid
pecheneg
Largest US Cities 1790-2010
pecheneg
Rides in Walt Disney World
pecheneg
Most Oscar Losses (Acting)
pecheneg
Beyoncé Albums
pecheneg
Leaping Animals
pecheneg
Reality TV Shows (A-Z)
bhenderson79
Rickey Henderson's Hall of Fame Teammates
pecheneg
Champions League XIs: Arsenal
pecheneg
Quick Pick: Celebrities in WWE's Hall of Fame
aduchscher
Trending Topics
Marvel
Kpop
NBA
Disney
Crossword
Anime
Harry Potter
WWE
The Office
Soccer
NFL
Puzzle
Country
Pokémon
Song
Your Account Isn't Verified!
In order to create a playlist on Sporcle, you need to verify the email address you used during registration. Go to your
Sporcle Settings
to finish the process.
Report this User
Report this user for behavior that violates our
Community Guidelines
.
Details:
Send Report
Go to the Sporcle.com Mobile Site →
Comments